000 005399061a2200181 4500
005 20140412111226.0
008 140211s1997 xx 000 0 und d
020 _a0-679-88338-X
050 _aER
_bDo65 1997
100 1 _aOsborne, Mary Pope
245 1 0 _aDolphins at daybreak /
_cby Mary Pope Osborne ; illustrated by Sal Murdocca.
260 _aNew York :
_bRandom House,
_c1997.
300 _a67 p. ; ill.
440 0 _aMagic Tree House, #9
650 4 _aDolphins
_xFiction
650 4 _aChildren stories
_xFiction
999 _c102051
_d102051